| 000 | 00469nam a22001457a 4500 | ||
|---|---|---|---|
| 008 | 150120b xxu||||| |||| 00| 0 eng d | ||
| 050 | _aQC173.B634 | ||
| 100 |
_aBorn, Max _914238 |
||
| 245 |
_aAtomic physics/ _cMax Born; Authorised translation from the German edition by John Dougall. |
||
| 250 | _a4th ed. | ||
| 260 |
_aNew York: _bHafner Publishing Company, _c1946. |
||
| 300 |
_axii, 370p. _c22 cm. |
||
| 650 |
_aNuclear physics _913630 |
||
| 942 |
_2lcc _cMONOGRAPH |
||
| 999 |
_c121771 _d121771 |
||